Environmental change and human security : Recognizing and acting on hazard impacts

This book focuses on the linkage between human and environmental security and takes both a conceptual and a pragmatic approach to complex environmental issues (such as soil erosion, desertification, water degradation, demographic shifts, food security and agricultural prospects, urbanization trends,...

תיאור מלא

שמור ב:
מידע ביבליוגרפי
פורמט: ספר
שפה:Undetermined
יצא לאור: Dordrecht (The Nertherlands) Springer 2008
נושאים:
תגים: הוספת תג
אין תגיות, היה/י הראשונ/ה לתייג את הרשומה!
Thư viện lưu trữ: Trung tâm Học liệu Trường Đại học Cần Thơ
LEADER 01347nam a2200217Ia 4500
001 CTU_153218
008 210402s9999 xx 000 0 und d
020 |c 172.76 
082 |a 363.707 
082 |b E61 
245 0 |a Environmental change and human security : 
245 0 |b Recognizing and acting on hazard impacts 
245 0 |c Edited by P. H. Liotta ... [et al.] 
260 |a Dordrecht (The Nertherlands) 
260 |b Springer 
260 |c 2008 
520 |a This book focuses on the linkage between human and environmental security and takes both a conceptual and a pragmatic approach to complex environmental issues (such as soil erosion, desertification, water degradation, demographic shifts, food security and agricultural prospects, urbanization trends, hazard-induced migrations) that affect human security. The book summarizes the collective work of both natural and social science disciplines in regard to how best address, mitigate, adapt, or achieve resilience in the face of changing environmental conditions.The book is written in an accessible style to discuss the concept of security from both subjective and objective perspectives. 
650 |a Human ecology,Global environmental change,Environmental policy 
650 |x Social aspects 
904 |i Giang 
980 |a Trung tâm Học liệu Trường Đại học Cần Thơ